[Event "COL-ch U20"]
[Site "Cali"]
[Date "2024.03.03"]
[Round "8"]
[White "Elejalde, Daniel"]
[Black "Jimenez Rios, Manuel David"]
[Result "0-1"]
[WhiteElo "1461"]
[BlackElo "1356"]
[PlyCount "64"]
[EventDate "2024.02.28"]
[EventType "swiss"]
[EventRounds "9"]
[EventCountry "COL"]
[SourceTitle "CB11_2024"]
[SourceDate "2024.03.13"]
[SourceVersion "1"]
[SourceVersionDate "2024.03.13"]
[SourceQuality "1"]

1. e4 c5 2. d4 cxd4 3. c3 dxc3 4. Nxc3 Nc6 5. Nf3 e6 6. Nb5 d6 7. e5 dxe5 8. Qxd8+ Kxd8 9. Bg5+ f6 10. 0-0-0+ Bd7 11. Be3 Kc8 12. Nd6+ Bxd6 13. Rxd6 Nge7 14. Bc4 Nf5 15. Rd2 Nxe3 16. fxe3 Rd8 17. Rhd1 Kc7 18. a3 Bc8 19. b4 Rxd2 20. Rxd2 Bd7 21. Rc2 Kd8 22. Rd2 Ke7 23. Kb2 Rc8 24. Bb3 a6 25. Ne1 Na7 26. a4 Nc6 27. Ka3 a5 28. b5 Nb4 29. Nd3 Nd5 30. e4 Nc3 31. Rc2 Nxe4 32. Rxc8 Bxc8 0-1

[Event "COL-ch U20"]
[Site "Cali"]
[Date "2024.03.01"]
[Round "4"]
[White "Norena Marin, Jeronimo"]
[Black "Elejalde, Daniel"]
[Result "1-0"]
[WhiteElo "1322"]
[BlackElo "1461"]
[PlyCount "63"]
[EventDate "2024.02.28"]
[EventType "swiss"]
[EventRounds "9"]
[EventCountry "COL"]
[SourceTitle "CB11_2024"]
[SourceDate "2024.03.13"]
[SourceVersion "1"]
[SourceVersionDate "2024.03.13"]
[SourceQuality "1"]

1. d4 d5 2. Bf4 e6 3. e3 Nf6 4. Nf3 Nh5 5. Bg5 Be7 6. Bxe7 Qxe7 7. c3 Nf6 8. Bd3 Nbd7 9. Nbd2 e5 10. dxe5 Nxe5 11. Nxe5 Qxe5 12. Nf3 Qd6 13. Qc2 Bg4 14. Nd4 c5 15. Bb5+ Bd7 16. Nf5 Qf8 17. Bxd7+ Nxd7 18. 0-0-0 g6 19. Ng3 Qd6 20. Qe4+ dxe4 21. Rxd6 Ke7 22. Nxe4 f5 23. Rhd1 fxe4 24. Rxd7+ Ke6 25. f4 exf3 26. gxf3 b6 27. f4 Kf5 28. R1d5+ Kg4 29. Rg5+ Kh3 30. Rd2 Kh4 31. Rdg2 Rae8 32. Kd2 1-0

[Event "COL-ch U20"]
[Site "Cali"]
[Date "2024.02.29"]
[Round "3"]
[White "Elejalde, Daniel"]
[Black "Medina Caicedo, Victor Manuel"]
[Result "0-1"]
[WhiteElo "1461"]
[BlackElo "1575"]
[PlyCount "38"]
[EventDate "2024.02.28"]
[EventType "swiss"]
[EventRounds "9"]
[EventCountry "COL"]
[SourceTitle "CB11_2024"]
[SourceDate "2024.03.13"]
[SourceVersion "1"]
[SourceVersionDate "2024.03.13"]
[SourceQuality "1"]

1. e4 c5 2. d4 cxd4 3. c3 dxc3 4. Nxc3 g6 5. Bc4 Bg7 6. Nge2 e6 7. Bf4 a6 8. 0-0 Ne7 9. Qd2 0-0 10. Rac1 Nbc6 11. Rfd1 Qa5 12. Bd6 Re8 13. a3 b5 14. b4 Qd8 15. Qf4 bxc4 16. Bc7 e5 17. Bxd8 exf4 18. Bxe7 Rxe7 19. Nd5 Rxe4 0-1